Quizzes
Events
Quiz Creation
Community
Videos
Private Events
Remove Ads
Sign In
Join for FREE
Feedback
Dark Mode
Quiz Categories
Sports
Geography
Music
Movies
Television
Just For Fun
Miscellaneous
History
Literature
Language
Science
Gaming
Entertainment
Religion
Holiday
For Kids
Quiz Lab
Recent
Popular Today
Quiz Kudos Today
Editor Picks
Curator Picks
Quizzes by...
Day
Popularity
Type
Ratings
Length
Year
Community
Subscriptions
Recent Discussions
Orange Saloon
Badges
Playlists
Quests
Create
Leaderboards
Showdown
Live 5
Trivia Bingo
Activity
Puzzle Library
Sporcle Events
Private Events
Virtual Trivia
Globe League
Become a Host
Pub Owners
SporcleCon
Opinionation
Our Games
Videos
Blog
Mobile Apps
Partnerships
Remove Ads and Go Orange
Feedback
Sports
Athletes
MLB
NBA
NHL
NFL
Soccer
Sports Teams
WWE
NCAA
Football
Premier League
Basketball
Baseball
Hockey
Golf
Tennis
Cricket
Rugby
Auto Racing
Olympics
World Cup
Sports
Athletes
MLB
NBA
NHL
NFL
Soccer
Sports Teams
WWE
NCAA
Football
Premier League
Basketball
Baseball
Hockey
Golf
Tennis
Cricket
Rugby
Auto Racing
Olympics
World Cup
Random Quiz
Search Sporcle
×
Quiz Lab
Quiz Lab
Sports
German
Type in answers that appear in a list
Type in answers that appear in a list
Classic
Best Score? Go Orange.
Germany Caps Since 2010 Stats
Can you name the German football (soccer) players who have had an international cap since 2010?
By
Casson8
10m
94 Questions
492 Plays
492 Plays
492 Plays
Comments
Comments
Give Quiz Kudos
Give Quiz Kudos
-
- Ratings
hide this ad
More Info
Replay
Link that replays current quiz
Next Quiz
Link to next quiz in quiz playlist
You Got
0%
They Got
Avg Score
51%
Avg Friend Score
Upgrade to see
Score Distribution
Jump to the score distribution portion of the page
Score
0/94
Timer
10:00
1
Play Today
Position
Player
% Correct
GK
Manuel Neuer
99.8%
FW
Thomas Müller
96.5%
MF
Nicolai Müller
96.3%
DF
Mats Hummels
96.1%
DF
Jérôme Boateng
96.1%
DF
Philipp Lahm
96.1%
MF
Mesut Özil
92.7%
FW
Miroslav Klose
92.5%
FW
Lukas Podolski
91.2%
MF
Bastain Schweinsteiger
91.2%
MF
Toni Kroos
90.6%
GK
Marc-André ter Stegen
90.2%
MF
Sami Khedira
89.6%
FW
Mario Gómez
89%
MF
Mario Götze
88.2%
FW
Timo Werner
86%
DF
Per Mertesacker
84.9%
FW
Marco Reus
83.1%
DF
Benedikt Höwedes
81.3%
DF
Joshua Kimmich
80.9%
GK
Bernd Leno
79.4%
MF
André Schürrle
77%
GK
Kevin Trapp
74.8%
DF
Jonas Hector
74.1%
GK
Roman Weidenfeller
74.1%
MF
Julian Draxler
71.7%
DF
Marcel Schmelzer
71.5%
DF
Shkodran Mustafi
70.3%
MF
İlkay Gündoğan
70.1%
MF
Lars Bender
69.7%
DF
Sven Bender
69.7%
GK
René Adler
68.4%
Position
Player
% Correct
MF
Michael Ballack
65.6%
DF
Holger Badstuber
64.6%
MF
Leroy Sané
64%
GK
Ron-Robert Zieler
62.1%
DF
Matthias Ginter
61.7%
DF
Erik Durm
59.5%
DF
Niklas Süle
59.1%
DF
Antonio Rüdiger
59.1%
MF
Leon Goretzka
58.5%
FW
Stefan Kießling
57.8%
MF
Christoph Kramer
57%
DF
Kevin Großkreutz
56.6%
GK
Hans-Jörg Butt
56.6%
FW
Sandro Wagner
54.8%
MF
Emre Can
54.6%
GK
Tim Wiese
53.8%
MF
Sebastian Rudy
52.5%
DF
Arne Friedrich
52.3%
MF
Serge Gnabry
51.9%
FW
Cacau
51.7%
FW
Lars Stindl
48.4%
DF
Jonathan Tah
47.9%
MF
Julian Brandt
47.3%
MF
Max Meyer
46.6%
MF
Julian Weigl
45.4%
DF
Marcell Jansen
45.4%
FW
Kevin Volland
44.2%
MF
Karim Bellarabi
43.2%
DF
Marvin Plattenhardt
42%
DF
Dennis Aogo
40.9%
MF
Marko Marin
39.3%
DF
Heiko Westermann
39.1%
Position
Player
% Correct
FW
Max Kruse
38.3%
MF
Piotr Trochowski
37.7%
MF
Thomas Hitzlsperger
35.8%
DF
Christian Schulz
34.4%
DF
Serdar Tasci
34.2%
MF
Kerem Demirbay
29.9%
MF
Lewis Holtby
29.5%
MF
Simon Rolfes
27.3%
MF
Amin Younes
26.1%
MF
Maximilian Arnold
25.7%
DF
Benjamin Henrichs
25.5%
DF
Christian Günter
24.3%
DF
Marcel Schäfer
22%
MF
Diego Demme
21.7%
MF
Benjamin Henrichs
20.8%
MF
Patrick Herrmann
20.2%
MF
Christian Gentner
20%
MF
Sidney Sam
20%
DF
Christian Träsch
19.8%
FW
Patrick Helmes
18.7%
DF
Andreas Beck
18.5%
FW
André Hahn
17.5%
MF
Aaron Hunt
17.3%
MF
Stefan Reinartz
16.2%
DF
Oliver Sorg
15.3%
DF
Sascha Riether
14.9%
DF
Sebastian Jung
12.4%
DF
Roman Neustädter
11.8%
DF
Philipp Wollscheid
10.2%
MF
Yannick Gerhardt
9%
Quiz Playlist
Details
Report
Send in Message
Add To Playlist
More Info:
*Updated as of 29/6/17
Classic:
Type in answers that appear in a list
Quiz Source
Last Updated: Sep 24, 2017
Quiz Scoreboard
CHALLENGE
Sign Up to Join the Scoreboard
Show All
Scores
Hide
Comments
May contain spoilers
Recently Published
9x9 Crossword: Cartoon Network
by jackfrog10
Miscellaneous
3m
College Basketball Coaching Resumes
by pancakes188
Sports
9m
Billboard Blitz: Fleetwood Mac
by CooCooCachoo
Music
15s
More to Explore
Quiz From the Vault
Featured Blog Post
Where Did the Easter Bunny Come From?
hide this ad
You Might Also Like...
Tags
Football Quiz
German Quiz
Soccer Quiz
2010
cap
Germany
International
Player
position
Today's Top Quizzes in Sports
Browse Sports
hide this ad
Today's Top Quizzes in German
Browse German
Top Contributed Quizzes in Sports
1
2022 World Cup Stars
2
Les meilleurs buteurs des matchs entre le PSG et l’OM
3
FIFA Club World Cup Champions
4
Les entraîneurs de l'OM et du PSG au 21e siècle
5
Criteria MLB: Left Handed Sluggers
6
AFC Teams Reveal (Wrong Answers Minefield)
7
2023 MLB Unique Player Accomplishments
8
Players with Multiple 50 Home Run Seasons
9
5-to-1: FBS Animal Nicknames
10
5-to-1: UK Sports Teams
Explore More
Trending Topics
Marvel
Kpop
Anime
Crossword
Harry Potter
Disney
NBA
WWE
Song
Soccer
Pokémon
Country
The Office
NFL
Puzzle
hide this ad
More By:
Casson8
Quiz
Plays
Rating
Category
Featured
Created
Europe's Top 50 International Cap Footballers
18,023
4.54
Sports
Dec 17, 2015
Europe's Top 200 International Cap Footballers
2,148
4.89
Sports
Jan 2, 2016
F1 Drivers since 2000
2,100
4.90
Sports
Mar 20, 2016
Top 50 Champions League Appearances
563
5.00
Sports
Feb 17, 2016
Germany Caps Since 2010
492
5.00
Sports
Mar 13, 2017
Go to Creator's Profile
Score Distribution
Quiz Creator Spotlight
Casson8
Follow
Send a Message
Quizzes Created
-
Created Quiz Play Count
-
More By This Creator
Popular Quizzes Today
1
Find the US States - No Outlines Minefield
2
Find the Countries of Europe - No Outlines Minefield
3
The Countries of the World
4
Find the US States
5
Risky Map Clicking: Biggest States A-Z
6
US States
7
Popular People in 1961
8
Movies - When Are They Set?
More Sports Quizzes
Premier League 2019-20 London Derbies XIs (Part 1)
Curator's Pick
Trending Quizzes
Risky Map Clicking: Least Populous States A-Z
1-10 Letter G Words
1-10 Letter F Words
Risky Map Clicking: Next State Alphabetically
Adjectives in 80s TV Shows
Recently Updated
Leaping Animals
pecheneg
Reality TV Shows (A-Z)
bhenderson79
Rickey Henderson's Hall of Fame Teammates
pecheneg
Champions League XIs: Arsenal
pecheneg
Quick Pick: Celebrities in WWE's Hall of Fame
aduchscher
A-Z Keypad Blitz II
pecheneg
Multiple Oscar Actors
pecheneg
Mystery Phrase Blitz: Oscar 'Best Actors'
pecheneg
F. Scott Fitzgerald Novels
LTH
Pick 3 Villains
ddd62291
Trending Topics
Harry Potter
Disney
Anime
NBA
Kpop
Crossword
Marvel
Song
Pokémon
NFL
Country
The Office
Puzzle
Soccer
WWE
Your Account Isn't Verified!
In order to create a playlist on Sporcle, you need to verify the email address you used during registration. Go to your
Sporcle Settings
to finish the process.
Report this User
Report this user for behavior that violates our
Community Guidelines
.
Details:
Send Report
Go to the Sporcle.com Mobile Site →
Comments